Music Quiz

Random Music or Album Quiz

'70s Albums A-Z Quiz Stats

 Plays Quiz Updated Dec 14, 2015

Also try: '80s Albums A-Z
Challenge
Share
Tweet
Score 0/24 Timer 05:00
2 Plays Today
% Correct
The Dark Side of the Moon
93.9%
Rumours
77.4%
Goodbye Yellow Brick Road
67.6%
Off the Wall
56.4%
What's Going On
55.3%
Nevermind the Bollocks...
47.9%
Blood on the Tracks
42%
Exile on Main St.
37.6%
Horses
36.1%
Parallel Lines
34.6%
Transformer
33.1%
Young Americans
32.9%
% Correct
Innervisions
25.1%
Marquee Moon
21.1%
Love Gun
20%
Cosmo's Factory
18.7%
Unknown Pleasures
16.6%
Q: Are We Not Men? A: We Are Devo!
15.2%
John Lennon/Plastic Ono Band
14.1%
Armed Forces
13.8%
Zuma
12.8%
Katy Lied
11.5%
For Your Pleasure
10.2%
Songs of Love and Hate
7.5%

You're not logged in!

Compare scores with friends on all Sporcle quizzes.
OR
Log In

You Might Also Like...

Show Comments

Extras

Top Quizzes Today


Score Distribution

Your Account Isn't Verified!

In order to create a playlist on Sporcle, you need to verify the email address you used during registration. Go to your Sporcle Settings to finish the process.

Report this User

Report this user for behavior that violates our Community Guidelines.

Details: